A PWC Magyarország beszámolóinak elemzése

Bibliographic Details
Main Author: Biró László
Other Authors: Borzán Dr. Anita
Format: Thesis
Kulcsszavak:beszámolóelemzés
mérleg
eredménykimutatás
Online Access:http://dolgozattar.uni-bge.hu/9617

MARC

LEADER 00000nta a2200000 i 4500
001 dolg9617
005 20161219115659.0
008 161219suuuu hu om 000 hun d
040 |a BGE Dolgozattár Repozitórium  |b hun 
041 |a hu 
100 1 |a Biró László 
245 1 2 |a A PWC Magyarország beszámolóinak elemzése  |c Biró László  |h [elektronikus dokumentum] 
246 1 1 |a A PWC Magyarország beszámolóinak elemzése 
246 1 1 |a - 
520 3 |a - 
695 |a beszámolóelemzés 
695 |a mérleg 
695 |a eredménykimutatás 
700 1 |a Borzán Dr. Anita  |e ths 
856 4 0 |u http://dolgozattar.uni-bge.hu/9617/1/Szakdolgozat_Bir%C3%B3_L%C3%A1szl%C3%B3_PDF.pdf  |z Dokumentum-elérés 
856 4 0 |u http://dolgozattar.uni-bge.hu/9617/2/15609428_10207795320661430_77956597_o.jpg  |z Dokumentum-elérés 
856 4 0 |u http://dolgozattar.uni-bge.hu/9617/8/Bir%C3%B3%20L%C3%A1szl%C3%B3.pdf  |z Dokumentum-elérés